00391 2200157 4500001002100000005001500021008004100036020002200077035001900099041000700118082001000125090001600135100002100151245002500172260003600197INLIS00000000002219020241224131227241224||||||||| | ||| |||| || |  a978-602-7652-25-5 0010-1224022190 aid0 a372.2 a372.2 HER p0 aHerlina Sitorus.00aPiknik Ke Peternakan aTangerang.bPINO DAN KINOc2013